| 000 | 00626nam a2200193 i 4500 | ||
|---|---|---|---|
| 001 | 133369 | ||
| 003 | ES-MaACL | ||
| 005 | 20230906194405.0 | ||
| 007 | t| | ||
| 008 | 070214s1977 sp r ||||1| spa d | ||
| 100 | 1 |
_aRudorff, Raymond. _9100500 |
|
| 245 | 1 | 4 |
_aLos sitios de Zaragoza _b: 1808-1809 / _cRaymond Rudorff ; [traducido por Agustín Gil Lasierra]. |
| 250 | _a1ª ed. | ||
| 260 |
_aBarcelona [etc.] : _bGrijalbo, _c1977. |
||
| 300 |
_a372 p., 4 lám. ; _c20 cm. |
||
| 651 | 4 |
_aZaragoza- _xHistoria- _y1808-1809, Sitio. _9142068 |
|
| 700 | 1 |
_aGil Lasierra, Agustín. _956831 |
|
| 852 |
_aES-MaACL _jA-6589 _bR.95560 |
||
| 999 |
_c133369 _d133369 |
||